| 000 | 00390nam a2200169Ia 4500 | ||
|---|---|---|---|
| 100 | _aWilmshurst/Tim | ||
| 650 | _aEmbedded systems | ||
| 942 | _cBK | ||
| 366 | _f20 | ||
| 654 | _aembedded systems | ||
| 245 | _aIntroduction to the design of small scale embedded systems | ||
| 260 |
_bPalgrave _c2004 |
||
| 082 |
_a003.3/WIL _bWIL |
||
| 300 | _a409 | ||
| 546 | _aENGLISH | ||
| 999 |
_c25665 _d25665 |
||